| 000 | 00871nam a2200277 i 4500 | ||
|---|---|---|---|
| 001 | 13772 | ||
| 003 | ES-MaACL | ||
| 005 | 20240418144921.0 | ||
| 007 | t| | ||
| 008 | 980309s1997 sp ||||0| spa j | ||
| 020 | _a84-605-6370-7 | ||
| 040 |
_aM-BN _bspa _cM-BN |
||
| 080 | _a821.134.2-32"19"(082.2) | ||
| 080 | _a821.134.2'282(460.12)-32"19"(082.2) | ||
| 245 | 0 | 0 |
_aPremios de relato corto Fundación Fernández Lema _b: Luarca 1995-1996. |
| 260 |
_aLuarca : _bFundación Fernández Lema, _c[1997] |
||
| 300 |
_a112 p ; _c21 cm. |
||
| 500 | _aEn el lomo: 1. | ||
| 500 | _aTextos en castellano y bable. | ||
| 650 | 1 | 4 |
_aNovela española- _yS.XX _9226777 |
| 650 | 1 | 4 |
_aNovelas bables- _yS.XX. _915631 |
| 710 | 2 |
_aFundación Fernández Lema. _94299 |
|
| 852 |
_aES-MaACL _jL-21137 _bR.126625 |
||
| 999 |
_c13772 _d13772 |
||